"Anglo-French commerce along the Coromandel Coast, 1763-1793" (Record no. 691674)
[ view plain ]
| 000 -LEADER | |
|---|---|
| fixed length control field | 00794nam a2200253Ia 4500 |
| 003 - CONTROL NUMBER IDENTIFIER | |
| control field | OSt |
| 005 - DATE AND TIME OF LATEST TRANSACTION | |
| control field | 20220927105310.0 |
| 008 - FIXED-LENGTH DATA ELEMENTS--GENERAL INFORMATION | |
| fixed length control field | 220926b |||||||| |||| 00| 0 eng d |
| 037 ## - SOURCE OF ACQUISITION | |
| Terms of availability | Reference Collections |
| 040 ## - CATALOGING SOURCE | |
| Original cataloging agency | RTL |
| Transcribing agency | RTL |
| Language of cataloging | eng |
| 041 ## - LANGUAGE CODE | |
| Source of code | eng |
| Language code of text/sound track or separate title | eng |
| 100 ## - MAIN ENTRY--PERSONAL NAME | |
| Personal name | SINHA Arvind |
| 9 (RLIN) | 371513 |
| 245 #0 - TITLE STATEMENT | |
| Title | "Anglo-French commerce along the Coromandel Coast, 1763-1793" |
| 260 ## - PUBLICATION, DISTRIBUTION, ETC. | |
| Place of publication, distribution, etc. | Delhi |
| Name of publisher, distributor, etc. | University of Delhi |
| 300 ## - PHYSICAL DESCRIPTION | |
| Extent | 314p |
| Dimensions | cm. |
| 500 ## - GENERAL NOTE | |
| General note | Bibliography P 296-311; Appendix p 312-314; Glossary P 293-295 |
| 650 ## - SUBJECT ADDED ENTRY--TOPICAL TERM | |
| Topical term or geographic name entry element | Coastal trade |
| 9 (RLIN) | 371514 |
| 942 ## - ADDED ENTRY ELEMENTS (KOHA) | |
| Classification part | X4251:54.20a53.L93<--L63 |
| Koha item type | |
| Withdrawn status | Lost status | Damaged status | Not for loan | Home library | Current library | Date acquired | Total Checkouts | Full call number | Barcode | Date last seen | Price effective from | Koha item type |
|---|---|---|---|---|---|---|---|---|---|---|---|---|
| Ratan Tata Library | Ratan Tata Library | 2022-09-27 | X4251:54.20a53.L93<--L63 | RT1329479 | 2022-09-27 | 2022-09-27 |
